[Event "Norway Chess 7th"]
[Site "Stavanger"]
[Date "2019.06.14"]
[Round "9"]
[White "Yu, Yangyi"]
[Black "Mamedyarov, Shakhriyar"]
[Result "1-0"]
[WhiteElo "2738"]
[BlackElo "2774"]
[Annotator "Yu,Yangyi"]
[PlyCount "59"]
[EventDate "2019.06.04"]
[EventType "tourn"]
[EventRounds "9"]
[EventCountry "NOR"]
[EventCategory "22"]
[SourceTitle "CBM 191"]
[Source "ChessBase"]
[SourceDate "2019.08.31"]
[SourceVersion "1"]
[SourceVersionDate "2019.08.31"]
[SourceQuality "1"]

{[%evp 0,59,25,16,16,16,33,23,8,-9,-6,4,4,13,13,16,38,16,43,11,44,35,86,18,65,
26,28,32,32,32,56,18,41,41,28,17,73,60,86,60,109,108,100,106,117,69,139,131,
135,127,150,105,135,141,224,156,131,133,139,139,136,150] This was the last
round. Before the game I thought about the classic draw and then play
Armageddon.} 1. e4 e5 2. Nf3 Nc6 3. Nc3 Nf6 4. d4 exd4 5. Nxd4 Bb4 6. Nxc6 bxc6
7. Bd3 d5 8. exd5 O-O 9. O-O Bg4 10. f3 Bh5 11. Bg5 {Here's my improvement} ({
In the seventh round I played} 11. dxc6 Qd4+ 12. Kh1 Bxc3 13. bxc3 Qxc3 14. Bf4
Qxc6 15. Qd2 Bg6 16. Rac1 Rfd8 17. Rfe1 a5 18. Be5 Nd5 19. a3 Qa4 20. Bxg6 hxg6
21. Qd3 Rd7 22. h3 Rad8 23. Qb3 Qxb3 24. cxb3 Rb8 25. Rc5 Rxb3 26. Rxa5 f6 27.
Bg3 Ne3 28. Bf4 Nc2 29. Rc1 Rxa3 30. Rxa3 Nxa3 31. Rxc7 {1/2 (31) Yu Yangyi 
(2738) -Aronian,L (2752) Altibox Norway Chess 2019}) 11... Qd6 12. Bxf6 $146 {
Here is my analysis. I know someone has played Qe1.} Qxf6 13. Ne4 Qxb2 14. dxc6
Bg6 15. Kh1 Qd4 16. Qe2 Rfe8 $6 {A slight mistake. Maybe Qd5 should be
basically equal.} (16... Qd5 $5) (16... Rae8 $5 17. Rad1 Kh8) 17. Rad1 Qe5 $6 (
17... Kh8 $5) 18. Bc4 $1 {[%cal Gd1d7]} (18. c3 Bxc3 19. f4 Qa5 20. f5 Bxf5 21.
Rxf5 Qxf5 22. Nxc3 Qc5 23. Qc2 Rad8 24. Rf1 $13) 18... Rad8 $2 (18... Kh8 19.
c3 $14) (18... Bxe4 19. fxe4 {[%cal Gc4f7,Gf1f7]}) 19. Rd7 $1 $14 {Here I feel
I have an advantage, with chances to win the game.} Rxd7 20. cxd7 Rd8 21. Rd1
Kf8 (21... c6 22. Bb3 $16) 22. c3 Ba3 ({Maybe} 22... Bd6 {is better here:} 23.
Nxd6 cxd6 24. Qxe5 dxe5 25. g4 Bc2 26. Rd5 Ba4 27. Rxe5 $16) 23. Rd5 Qe7 24.
Bb5 Bd6 (24... Qe6 25. Qc4 f5 26. Qxc7 Be7 27. Re5 Qxa2 28. Qxd8+ $1 (28. h4
fxe4 29. Rxe7 Kxe7 30. Qc5+ Kf6 31. f4 $18 (31. Qg5+ Ke6)) 28... Bxd8 29. Re8+
Kf7 30. Bc4+ $18) 25. c4 $1 $18 {[%csl Gd7][%cal Gc4c5,Gc5c6] Because of the
d7 passer, advancing this pawn is very strong.} a6 (25... f5 26. c5 fxe4 27.
cxd6 cxd6 28. Qe3) 26. Ba4 Bxe4 27. Qxe4 Qxe4 28. fxe4 f6 29. Ra5 Rb8 30. g3
$18 {I was very happy to win this game, because at least it left me on the 2nd/
3rd place. I hope that also in the future I will be able to show good chess
and achieve fine results.} 1-0